000
00289nam a22001337a 4500
008
170420b xxu||||| |||| 00| 0 eng d
020
_a
9780073524238
041
_a
eng
080
_2
6 ED
_a
573
100
_a
11
101
_a
SHM
245
_a
VERTEBRATES
_c
KARDONG.K.V
942
_2
udc
_c
BK
999
_c
11317
_d
11317